[Event "CRO-chT1B 30th"]
[Site "Porec"]
[Date "2022.09.30"]
[Round "7.56"]
[White "Tomerlin, Sinisa"]
[Black "Novosel, Lovro"]
[Result "0-1"]
[WhiteElo "2184"]
[BlackElo "2274"]
[PlyCount "88"]
[EventDate "2022.09.24"]
[EventType "team-tourn"]
[EventRounds "9"]
[EventCountry "CRO"]
[SourceTitle "CBM 210 Extra"]
[Source "ChessBase"]
[SourceDate "2022.11.30"]
[SourceVersion "1"]
[SourceVersionDate "2022.11.30"]
[SourceQuality "1"]
[WhiteTeam "Pozega"]
[BlackTeam "Sveta Nedelja"]
[WhiteTeamCountry "CRO"]
[BlackTeamCountry "CRO"]

1. Nf3 Nf6 2. d3 c5 3. g3 b6 4. Bg2 Bb7 5. e4 d6 6. 0-0 e6 7. a4 a6 8. Nbd2 Be7 9. Re1 0-0 10. c3 Qc7 11. Qb3 Nbd7 12. Nc4 Rfd8 13. Bf4 e5 14. Bd2 h6 15. Ne3 Bf8 16. Nh4 Rab8 17. Bh3 b5 18. axb5 axb5 19. f3 c4 20. Qxb5 Bxe4 21. Qxc4 Bc6 22. Qa2 Nc5 23. Bf1 Ra8 24. Qb1 Nb3 25. Rxa8 Nxd2 26. Qd1 Nxf3+ 27. Nxf3 Rxa8 28. Bg2 Qb7 29. Nc4 Ra2 30. b4 Ng4 31. Na5 Qb6+ 32. d4 Ba8 33. h3 Nf6 34. Kh1 e4 35. Ng1 Nd5 36. Ne2 Ne3 37. Qb1 Nxg2 38. Kxg2 e3+ 39. Kh2 Rd2 40. Qf5 Qa6 41. Qf1 Qd3 42. Nb3 Rb2 43. Nbc1 Qxc3 44. Kg1 Qxb4 0-1

[Event "EU-ch 20th"]
[Site "Skopje"]
[Date "2019.03.29"]
[Round "11"]
[White "Mazur, Stefan"]
[Black "Tomerlin, Sinisa"]
[Result "1-0"]
[WhiteElo "2441"]
[BlackElo "2192"]
[PlyCount "71"]
[EventDate "2019.03.18"]
[EventType "swiss"]
[EventRounds "11"]
[EventCountry "MKD"]
[SourceTitle "CBM 189"]
[Source "ChessBase"]
[SourceDate "2019.04.29"]
[SourceVersion "1"]
[SourceVersionDate "2019.04.29"]
[SourceQuality "1"]

1. e4 c5 2. Nf3 d6 3. d4 cxd4 4. Nxd4 Nf6 5. Nc3 a6 6. f4 e5 7. Nf3 Qc7 8. Bd3 Nbd7 9. a4 b6 10. 0-0 Be7 11. Kh1 Bb7 12. fxe5 Nxe5 13. Nxe5 dxe5 14. Bg5 h6 15. Bxf6 Bxf6 16. Nd5 Bxd5 17. exd5 Qd6 18. Qf3 0-0 19. Qf5 Rfd8 20. Ra3 Ra7 21. Be4 Kf8 22. Rc3 Rc7 23. Rc6 Rxc6 24. dxc6 Ke7 25. h3 Qc7 26. c4 Rd4 27. b3 a5 28. Qh7 Qd6 29. Bd5 Rf4 30. Re1 Bh4 31. Rg1 Bf2 32. Rd1 g6 33. Qg8 Bc5 34. Qc8 Qf6 35. Bf3 Bd4 36. c7 1-0

[Event "EU-ch 20th"]
[Site "Skopje"]
[Date "2019.03.28"]
[Round "10"]
[White "Tomerlin, Sinisa"]
[Black "Arsovic, Goran"]
[Result "1-0"]
[WhiteElo "2192"]
[BlackElo "2380"]
[PlyCount "138"]
[EventDate "2019.03.18"]
[EventType "swiss"]
[EventRounds "11"]
[EventCountry "MKD"]
[SourceTitle "CBM 189"]
[Source "ChessBase"]
[SourceDate "2019.04.29"]
[SourceVersion "1"]
[SourceVersionDate "2019.04.29"]
[SourceQuality "1"]

1. Nf3 Nf6 2. g3 g6 3. Bg2 Bg7 4. d3 d5 5. 0-0 0-0 6. Nbd2 c5 7. c3 Nc6 8. Re1 e5 9. e4 h6 10. a4 b6 11. exd5 Nxd5 12. Nc4 Re8 13. Nfd2 Be6 14. Qb3 Rb8 15. Qb5 Qc7 16. a5 Re7 17. axb6 axb6 18. Nf1 Na7 19. Qa6 b5 20. Nce3 Nb6 21. Nd2 Rd8 22. c4 b4 23. Ne4 f5 24. Nd2 Kh7 25. h4 Rd6 26. h5 g5 27. g4 fxg4 28. Be4+ Kh8 29. Nb3 Rd8 30. Qa5 Rc8 31. Nf5 Bxf5 32. Bxf5 Rf8 33. Be4 g3 34. fxg3 Qd7 35. Kg2 Qg4 36. Qxc5 Nac8 37. Be3 Ref7 38. Nd2 Nd7 39. Qc6 Ne7 40. Qb7 Nf5 41. Bxf5 Qxf5 42. Qe4 Qe6 43. Ra8 Nf6 44. Rxf8+ Rxf8 45. Qf3 g4 46. Qb7 Qd6 47. d4 Nxh5 48. Ne4 Qg6 49. dxe5 Bxe5 50. Qd5 Bg7 51. b3 Nf6 52. Nxf6 Qxf6 53. c5 Rd8 54. Qe4 Qb2+ 55. Kg1 Qxb3 56. c6 Qf7 57. Bb6 Rc8 58. c7 b3 59. Qxg4 Qf8 60. Kg2 b2 61. Rb1 Re8 62. Bd4 Bxd4 63. Qxd4+ Qg7 64. Qxg7+ Kxg7 65. Rxb2 Rc8 66. Rc2 Kf7 67. Kh3 Ke7 68. Kh4 Kf7 69. Kg4 Kg6 1-0

[Event "EU-ch 20th"]
[Site "Skopje"]
[Date "2019.03.26"]
[Round "8"]
[White "Tomerlin, Sinisa"]
[Black "Ayats Llobera, Gerard"]
[Result "1-0"]
[WhiteElo "2192"]
[BlackElo "2377"]
[PlyCount "108"]
[EventDate "2019.03.18"]
[EventType "swiss"]
[EventRounds "11"]
[EventCountry "MKD"]
[SourceTitle "CBM 189"]
[Source "ChessBase"]
[SourceDate "2019.04.29"]
[SourceVersion "1"]
[SourceVersionDate "2019.04.29"]
[SourceQuality "1"]

1. Nf3 Nf6 2. g3 g6 3. Bg2 Bg7 4. d3 d5 5. 0-0 0-0 6. Nbd2 d4 7. Nb3 Nc6 8. c3 dxc3 9. bxc3 Nd5 10. c4 Ndb4 11. d4 e5 12. Bg5 Qe8 13. a3 Na6 14. d5 e4 15. dxc6 exf3 16. Bxf3 bxc6 17. Ra2 Bh3 18. Re1 Qe5 19. Be3 Qc3 20. Nd4 Rad8 21. Rd2 c5 22. Ne6 Rxd2 23. Bxd2 Qxc4 24. Nxf8 Bxf8 25. Qc1 Qb3 26. Qc3 c4 27. Bd5 Qxc3 28. Bxc3 Be6 29. Bxe6 fxe6 30. Bd4 Nc5 31. Bxc5 Bxc5 32. Rc1 Bxa3 33. Rxc4 Bd6 34. f4 Kf7 35. Kf2 Ke7 36. e4 Kd7 37. Kf3 a5 38. g4 Bb4 39. h4 c5 40. h5 a4 41. g5 a3 42. Rc2 gxh5 43. f5 e5 44. Kg3 Ke7 45. Kh4 Kf7 46. Kxh5 Kg8 47. Kg4 Kg7 48. Kf3 Kf7 49. Ke2 Ba5 50. Ra2 Bb4 51. Kd3 Ke7 52. Kc4 Kf7 53. Kd5 Ke7 54. Kxe5 Kf7 1-0

[Event "EU-ch 20th"]
[Site "Skopje"]
[Date "2019.03.18"]
[Round "1"]
[White "Basso, Pier Luigi"]
[Black "Tomerlin, Sinisa"]
[Result "1-0"]
[WhiteElo "2521"]
[BlackElo "2192"]
[PlyCount "55"]
[EventDate "2019.03.18"]
[EventType "swiss"]
[EventRounds "11"]
[EventCountry "MKD"]
[SourceTitle "CBM 189"]
[Source "ChessBase"]
[SourceDate "2019.04.29"]
[SourceVersion "1"]
[SourceVersionDate "2019.04.29"]
[SourceQuality "1"]

1. d4 d6 2. e4 Nf6 3. Nc3 g6 4. f4 Bg7 5. Nf3 0-0 6. Bd3 Nc6 7. e5 Nd7 8. Be3 Nb6 9. Qd2 Nb4 10. 0-0-0 Nxd3+ 11. Qxd3 d5 12. h3 Nc4 13. g4 c6 14. b3 Nxe3 15. Qxe3 a5 16. Rdg1 b5 17. h4 a4 18. b4 f5 19. gxf5 Rxf5 20. h5 Rxh5 21. Rxh5 gxh5 22. e6 Qd6 23. f5 Qd8 24. Ne5 c5 25. Rxg7+ Kxg7 26. Qg5+ Kf8 27. Nf7 Qb6 28. Nxd5 1-0

[Event "Novi Sad TS IM 84th"]
[Site "Novi Sad"]
[Date "2018.11.11"]
[Round "4"]
[White "Tomerlin, Sinisa"]
[Black "Lajthajm, Borko"]
[Result "1/2-1/2"]
[WhiteElo "2176"]
[BlackElo "2407"]
[PlyCount "27"]
[EventDate "2018.11.09"]
[EventType "tourn"]
[EventRounds "9"]
[EventCountry "SRB"]
[EventCategory "1"]
[SourceTitle "CBM 187 Extra"]
[Source "ChessBase"]
[SourceDate "2018.11.04"]
[SourceVersion "1"]
[SourceVersionDate "2018.11.04"]
[SourceQuality "1"]

1. Nf3 Nf6 2. d3 g6 3. g3 Bg7 4. Bg2 0-0 5. 0-0 d5 6. Nbd2 Bg4 7. h3 Bxf3 8. Nxf3 c6 9. c3 Nbd7 10. Qc2 Nc5 11. Be3 Qd6 12. Bf4 Qd8 13. Be3 Qd6 14. Bf4 1/2-1/2

[Event "Novi Sad TS IM 84th"]
[Site "Novi Sad"]
[Date "2018.11.09"]
[Round "1"]
[White "Tomerlin, Sinisa"]
[Black "Dinev, Dejan"]
[Result "0-1"]
[WhiteElo "2176"]
[BlackElo "2278"]
[PlyCount "95"]
[EventDate "2018.11.09"]
[EventType "tourn"]
[EventRounds "9"]
[EventCountry "SRB"]
[EventCategory "1"]
[SourceTitle "CBM 187 Extra"]
[Source "ChessBase"]
[SourceDate "2018.11.04"]
[SourceVersion "1"]
[SourceVersionDate "2018.11.04"]
[SourceQuality "1"]

1. e4 e6 2. d3 d5 3. Nd2 Nc6 4. Ngf3 e5 5. g3 Nf6 6. c3 dxe4 7. dxe4 Bc5 8. Bg2 0-0 9. 0-0 Be6 10. b4 Bd6 11. Qe2 Qe7 12. Nc4 Nd7 13. Ng5 Bxc4 14. Qxc4 Nb6 15. Qe2 a5 16. b5 Nb8 17. Qh5 h6 18. Nf3 N8d7 19. Nh4 Nf6 20. Qf3 Qe6 21. Nf5 Kh7 22. Bh3 Ng8 23. Be3 Nc4 24. Nxd6 Qxd6 25. Rfd1 Qf6 26. Qxf6 Nxf6 27. Bc5 Rfd8 28. Be7 Rxd1+ 29. Rxd1 Nb6 30. c4 Nxc4 31. Rc1 Nd2 32. Bxf6 gxf6 33. Rxc7 b6 34. Rxf7+ Kg6 35. Rb7 Nxe4 36. Rxb6 Rd8 37. Be6 Rd1+ 38. Kg2 Rd2 39. Kf3 Nxf2 40. Rb8 f5 41. b6 Ng4 42. Bxf5+ Kxf5 43. Rf8+ Kg5 44. h4+ Kh5 45. Ke4 Rb2 46. Rb8 Nf6+ 47. Kf5 Nd7 48. Ra8 0-1

[Event "Innsbruck op-A 2nd"]
[Site "Innsbruck"]
[Date "2018.08.27"]
[Round "4"]
[White "Becker, Marcel"]
[Black "Tomerlin, Sinisa"]
[Result "1/2-1/2"]
[WhiteElo "2306"]
[BlackElo "2141"]
[PlyCount "133"]
[EventDate "2018.08.24"]
[EventType "swiss"]
[EventRounds "9"]
[EventCountry "AUT"]
[SourceTitle "CBM 186 Extra"]
[Source "ChessBase"]
[SourceDate "2018.08.24"]
[SourceVersion "1"]
[SourceVersionDate "2018.08.24"]
[SourceQuality "1"]

1. d4 d6 2. c4 g6 3. e4 Bg7 4. Nc3 Nd7 5. Nf3 e5 6. Be2 Ngf6 7. 0-0 0-0 8. Re1 exd4 9. Nxd4 Nc5 10. f3 a5 11. Be3 Re8 12. Qd2 c6 13. Rad1 Nfd7 14. Nb3 Ne6 15. f4 a4 16. Nd4 Nec5 17. Bf3 Qa5 18. Nc2 Nb6 19. Qxd6 Bf8 20. Qd4 Be6 21. f5 Bxc4 22. Kh1 Ncd7 23. Bf4 Ne5 24. Bxe5 Rxe5 25. Ne3 Qc5 26. Ng4 Qxd4 27. Rxd4 Rea5 28. e5 Be7 29. Ree4 Bd5 30. Nxd5 Nxd5 31. Re2 h5 32. Bxd5 hxg4 33. Bc4 gxf5 34. e6 f6 35. Rd7 Rc5 36. Rxe7 Rxc4 37. g3 b5 38. Rd2 Rc1+ 39. Kg2 a3 40. bxa3 Ra1 41. Rdd7 Rxa2+ 42. Kg1 Ra1+ 43. Kf2 Ra2+ 44. Ke3 Rxh2 45. Rg7+ Kh8 46. Rgf7 Re8 47. Rxf6 Rh7 48. Kf4 c5 49. Kxf5 c4 50. Rxh7+ Kxh7 51. Rf7+ Kg8 52. Rc7 Ra8 53. Kf6 Kf8 54. Rh7 Kg8 55. Rg7+ Kh8 56. Rxg4 Rf8+ 57. Ke5 c3 58. e7 Re8 59. Kd6 c2 60. Rh4+ Kg7 61. Rh1 Ra8 62. Rc1 Ra6+ 63. Kc5 Kf7 64. Kb4 Ra4+ 65. Kb3 Rg4 66. Rxc2 Rxg3+ 67. Kb4 1/2-1/2

[Event "Travnik op"]
[Site "Travnik"]
[Date "2017.07.29"]
[Round "6"]
[White "Radlovacki, Jovan"]
[Black "Tomerlin, Sinisa"]
[Result "1-0"]
[WhiteElo "2384"]
[BlackElo "2193"]
[PlyCount "113"]
[EventDate "2017.07.26"]
[EventType "swiss"]
[EventRounds "7"]
[EventCountry "BIH"]
[SourceTitle "CBM 179 Extra"]
[Source "ChessBase"]
[SourceDate "2017.08.23"]
[SourceVersion "1"]
[SourceVersionDate "2017.08.23"]
[SourceQuality "1"]

1. e4 d6 2. d4 g6 3. Bc4 Bg7 4. c3 Nf6 5. Nd2 0-0 6. Ngf3 Nc6 7. d5 Ne5 8. Nxe5 dxe5 9. 0-0 Nh5 10. g3 Bh3 11. Re1 Qc8 12. Nf3 h6 13. Kh1 Bg4 14. Qd3 Kh7 15. Ng1 e6 16. f3 exd5 17. exd5 Bd7 18. Bb3 c5 19. Be3 f5 20. Rad1 Nf6 21. Qe2 Qc7 22. c4 Qd6 23. Qf2 b6 24. Ne2 g5 25. Nc3 e4 26. Bc2 Kh8 27. Bc1 exf3 28. Qxf3 Ng4 29. Nb5 Qb8 30. Re7 Ne5 31. Qh5 Be8 32. Qe2 Bf6 33. Re6 a6 34. Nd6 Bd7 35. Bxf5 Bxe6 36. dxe6 Qc7 37. Be4 Rad8 38. Nf5 Rxd1+ 39. Qxd1 Rd8 40. Qh5 Qh7 41. b3 Qg6 42. Qe2 Nc6 43. Nd6 Nd4 44. Qd1 Qg8 45. Qh5 Qg7 46. Nf7+ Kg8 47. Nxh6+ Kf8 48. Nf7 Re8 49. Bd5 Nxe6 50. Nd6 Rd8 51. Nf5 Qh8 52. Qg6 Re8 53. Nd6 Re7 54. Bxe6 Qg7 55. Qf5 Qh6 56. Bb2 Kg7 57. Qf1 1-0

[Event "Vojvodina op 8th"]
[Site "Novi Sad"]
[Date "2017.07.18"]
[Round "3"]
[White "Sredojevic, Ivan"]
[Black "Tomerlin, Sinisa"]
[Result "1-0"]
[WhiteElo "2355"]
[BlackElo "2193"]
[PlyCount "59"]
[EventDate "2017.07.16"]
[EventType "swiss"]
[EventRounds "9"]
[EventCountry "SRB"]
[SourceTitle "EXT 2018"]
[Source "ChessBase"]
[SourceDate "2017.10.13"]
[SourceVersion "1"]
[SourceVersionDate "2017.10.13"]
[SourceQuality "1"]

1. Nf3 d6 2. d4 Nf6 3. g3 g6 4. Bg2 Bg7 5. b3 0-0 6. Bb2 Nbd7 7. c4 e5 8. dxe5 Ng4 9. Nc3 Ngxe5 10. Nxe5 Nxe5 11. 0-0 a5 12. Qd2 a4 13. Rad1 axb3 14. axb3 Be6 15. Qc1 c6 16. Ba3 Qb6 17. Bxd6 Rfd8 18. Qf4 Rxd6 19. Rxd6 Qxb3 20. Ne4 Qxc4 21. Rd2 h6 22. Nf6+ Bxf6 23. Qxf6 Nd7 24. Qe7 Nc5 25. Rfd1 Kg7 26. h3 Ne4 27. Rd4 Qc5 28. Qxb7 Nc3 29. Qxa8 Nxe2+ 30. Kh2 1-0

[Event "Skopje Karposh op"]
[Site "Skopje"]
[Date "2017.04.06"]
[Round "7"]
[White "Tomerlin, Sinisa"]
[Black "Rzayev, Bahruz Iqbal Oglu"]
[Result "0-1"]
[WhiteElo "2216"]
[BlackElo "2391"]
[PlyCount "52"]
[EventDate "2017.04.01"]
[EventType "swiss"]
[EventRounds "9"]
[EventCountry "MKD"]
[SourceTitle "CBM 177 Extra"]
[Source "ChessBase"]
[SourceDate "2017.04.27"]
[SourceVersion "1"]
[SourceVersionDate "2017.04.27"]
[SourceQuality "1"]

1. Nf3 d5 2. g3 c5 3. Bg2 Nc6 4. d3 e5 5. 0-0 Nf6 6. Bg5 Be7 7. Nfd2 0-0 8. Nc3 Be6 9. e4 d4 10. Bxf6 Bxf6 11. Nd5 Bg5 12. f4 exf4 13. gxf4 Bh6 14. c4 dxc3 15. bxc3 Bxd5 16. exd5 Ne7 17. Qh5 f5 18. Qf3 Ng6 19. Qe3 Re8 20. Qxc5 Nxf4 21. Rxf4 Bxf4 22. Nc4 Qh4 23. d6 Bxh2+ 24. Kf1 Rad8 25. Qd5+ Kh8 26. a4 Bxd6 0-1

[Event "Graz op-A"]
[Site "Graz"]
[Date "2017.02.25"]
[Round "8"]
[White "Huber, Martin Christian"]
[Black "Tomerlin, Sinisa"]
[Result "1-0"]
[WhiteElo "2393"]
[BlackElo "2190"]
[PlyCount "147"]
[EventDate "2017.02.20"]
[EventType "swiss"]
[EventRounds "9"]
[EventCountry "AUT"]
[SourceTitle "CBM 177 Extra"]
[Source "ChessBase"]
[SourceDate "2017.04.27"]
[SourceVersion "1"]
[SourceVersionDate "2017.04.27"]
[SourceQuality "1"]

1. d4 Nf6 2. c4 d6 3. Nf3 c6 4. Nc3 Nbd7 5. e4 e5 6. Be2 Be7 7. 0-0 0-0 8. d5 Nc5 9. Qc2 a5 10. Be3 Na6 11. a3 Ng4 12. Bd2 f5 13. h3 fxe4 14. Nxe4 Nf6 15. Nfg5 Nxe4 16. Nxe4 cxd5 17. cxd5 Bf5 18. Bd3 Rc8 19. Qb1 Bg6 20. b4 axb4 21. axb4 Qe8 22. Be3 Qf7 23. Ra5 Nc7 24. Nc3 Bxd3 25. Qxd3 Na6 26. Rb1 Bh4 27. Ne4 Qg6 28. b5 Nb8 29. Ra7 Rf7 30. Rb3 Rcf8 31. b6 Na6 32. Rxa6 bxa6 33. b7 Rb8 34. Qc4 Qf5 35. Nxd6 Bxf2+ 36. Kh1 Qh5 37. Bxf2 Rxf2 38. Qc8+ Rf8 39. Qe6+ Kh8 40. Rc3 Qd1+ 41. Kh2 Qd4 42. Rc4 Qf2 43. Qxe5 Qf6 44. Qxf6 gxf6 45. Rc8 Kg8 46. Kg3 a5 47. Kf4 a4 48. Rc6 a3 49. Kf5 Rbd8 50. Ke6 f5 51. Ra6 Kg7 52. Ke7 Rxd6 53. Kxd6 Rf6+ 54. Kc7 Rxa6 55. b8Q a2 56. Qb2+ Kf7 57. Qa1 Ra7+ 58. Kd6 Kg6 59. Ke6 Ra4 60. d6 Re4+ 61. Kd5 Re2 62. d7 Rd2+ 63. Ke6 Re2+ 64. Kd6 Rd2+ 65. Ke7 Re2+ 66. Kf8 Rd2 67. Qg7+ Kh5 68. Qxh7+ Kg5 69. h4+ Kg4 70. Qg6+ Kxh4 71. Qh6+ Kg4 72. Qxd2 a1Q 73. d8Q Qh8+ 74. Ke7 1-0

[Event "Graz op-A"]
[Site "Graz"]
[Date "2017.02.24"]
[Round "6"]
[White "Szotkowski, Jakub"]
[Black "Tomerlin, Sinisa"]
[Result "0-1"]
[WhiteElo "2390"]
[BlackElo "2190"]
[PlyCount "90"]
[EventDate "2017.02.20"]
[EventType "swiss"]
[EventRounds "9"]
[EventCountry "AUT"]
[SourceTitle "CBM 177 Extra"]
[Source "ChessBase"]
[SourceDate "2017.04.27"]
[SourceVersion "1"]
[SourceVersionDate "2017.04.27"]
[SourceQuality "1"]

1. d4 d6 2. Nf3 g6 3. c4 Bg7 4. Nc3 Nc6 5. d5 Ne5 6. Nxe5 Bxe5 7. g3 Bg7 8. Bg2 Nf6 9. 0-0 0-0 10. e4 Bg4 11. f3 Bd7 12. f4 c6 13. h3 Qb6+ 14. Kh2 Qb4 15. e5 Ne8 16. Qe2 e6 17. Bd2 exd5 18. cxd5 dxe5 19. fxe5 cxd5 20. Nxd5 Qxb2 21. Rab1 Qxe5 22. Qxe5 Bxe5 23. Rxb7 Be6 24. Ne7+ Kg7 25. Rb5 Rd8 26. Ba5 Bc7 27. Bc3+ f6 28. Nd5 Bxd5 29. Bxd5 Nd6 30. Rc5 Bb6 31. Rc6 Nb5 32. Bb4 Rxd5 33. Bxf8+ Kxf8 34. Rcxf6+ Kg7 35. Rf7+ Kh6 36. h4 Nd6 37. Rd7 Rf5 38. Re1 Rf2+ 39. Kh3 Nf5 40. Rd3 Rxa2 41. g4 Nxh4 42. Re7 Bf2 43. g5+ Kxg5 44. Rxh7 Nf5 45. Rh8 Bg1 0-1

[Event "Graz op-A"]
[Site "Graz"]
[Date "2017.02.24"]
[Round "7"]
[White "Tomerlin, Sinisa"]
[Black "Nguyen, Thai Dai Van"]
[Result "1/2-1/2"]
[WhiteElo "2190"]
[BlackElo "2434"]
[PlyCount "120"]
[EventDate "2017.02.20"]
[EventType "swiss"]
[EventRounds "9"]
[EventCountry "AUT"]
[SourceTitle "CBM 177 Extra"]
[Source "ChessBase"]
[SourceDate "2017.04.27"]
[SourceVersion "1"]
[SourceVersionDate "2017.04.27"]
[SourceQuality "1"]

1. Nf3 c5 2. g3 Nc6 3. Bg2 g6 4. 0-0 Bg7 5. d3 d6 6. c3 e5 7. e4 Nge7 8. Be3 0-0 9. Na3 b6 10. Qd2 Bb7 11. Bh6 Re8 12. Nc4 d5 13. Bxg7 Kxg7 14. Ncxe5 dxe4 15. Qf4 Nxe5 16. Nxe5 Nf5 17. dxe4 Nd6 18. h4 Qe7 19. Ng4 Nxe4 20. Rae1 f5 21. Bxe4 Bxe4 22. f3 fxg4 23. Rxe4 Qd7 24. Qxg4 Qxg4 25. Rxg4 Re2 26. Rf2 Rae8 27. Ra4 Re1+ 28. Kg2 R8e7 29. Rc4 R7e2 30. b4 Rxf2+ 31. Kxf2 Ra1 32. bxc5 Rxa2+ 33. Ke3 bxc5 34. Rxc5 h5 35. Kf4 Kh6 36. Rc7 a5 37. g4 hxg4 38. fxg4 g5+ 39. hxg5+ Kg6 40. Rc6+ Kg7 41. g6 Rd2 42. c4 Rd7 43. Ke4 Ra7 44. Kd3 a4 45. Kc2 a3 46. Kb1 a2+ 47. Ka1 Ra4 48. c5 Ra5 49. g5 Ra3 50. Rc8 Kxg6 51. c6 Kg7 52. c7 Rc3 53. Kxa2 Rc6 54. Kb3 Rc1 55. Kb4 Rb1+ 56. Kc3 Rc1+ 57. Kd2 Rc6 58. Ke3 Rc1 59. Kf4 Rf1+ 60. Kg3 Rc1 1/2-1/2

[Event "Topusko op 5th"]
[Site "Topusko"]
[Date "2016.08.11"]
[Round "7"]
[White "Tomerlin, Sinisa"]
[Black "Hadzi Manev, Ljubomir"]
[Result "1/2-1/2"]
[WhiteElo "2283"]
[BlackElo "2010"]
[PlyCount "123"]
[EventDate "2016.08.06"]
[EventType "swiss"]
[EventRounds "9"]
[EventCountry "CRO"]
[SourceTitle "CBM 173 Extra"]
[Source "ChessBase"]
[SourceDate "2016.08.29"]
[SourceVersion "1"]
[SourceVersionDate "2016.08.29"]
[SourceQuality "1"]

1. e4 c6 2. d3 d5 3. Nd2 e5 4. Be2 Nf6 5. Ngf3 Bd6 6. 0-0 0-0 7. d4 Nbd7 8. dxe5 Nxe5 9. exd5 Nxd5 10. Ne4 Nf4 11. Bxf4 Nxf3+ 12. Bxf3 Bxf4 13. Qxd8 Rxd8 14. Nc5 Bf5 15. Nxb7 Rd2 16. Rac1 Bxc2 17. Bxc6 Rb8 18. g3 Be5 19. b3 g6 20. Na5 Bb2 21. Rce1 Bd3 22. Rd1 Bc3 23. Rxd2 Bxf1 24. Rd5 Bh3 25. Nc4 Rc8 26. Rd3 Bb4 27. Bd5 Bf5 28. Rd1 Kg7 29. Kg2 Bc2 30. Rc1 Bd3 31. Kf3 Rc7 32. Rd1 Bxc4 33. Bxc4 Kf6 34. Rd5 Bc5 35. h4 h6 36. Rd8 Re7 37. Be2 Ke5 38. Bd3 h5 39. Be4 Kf6 40. Rc8 Bxf2 41. Kxf2 Rxe4 42. Rc6+ Re6 43. Rxe6+ Kxe6 44. Ke3 Kd5 45. Kd3 f6 46. Ke3 Ke5 47. a3 Kd5 48. Kd3 Ke5 49. b4 Kd5 50. a4 a6 51. Kc3 g5 52. Kd3 gxh4 53. gxh4 f5 54. Ke3 f4+ 55. Kd3 f3 56. Ke3 f2 57. Kxf2 Ke4 58. b5 axb5 59. axb5 Kf5 60. Kf3 Ke6 61. Kf4 Kd7 62. Kf5 1/2-1/2

[Event "Zagreb Hulak Memorial op 1st"]
[Site "Zagreb"]
[Date "2016.06.16"]
[Round "8"]
[White "Tomerlin, Sinisa"]
[Black "Tiviakov, Sergei"]
[Result "0-1"]
[WhiteElo "2260"]
[BlackElo "2588"]
[PlyCount "58"]
[EventDate "2016.06.10"]
[EventType "swiss"]
[EventRounds "9"]
[EventCountry "CRO"]
[SourceTitle "CBM 173 Extra"]
[Source "ChessBase"]
[SourceDate "2016.08.29"]
[SourceVersion "1"]
[SourceVersionDate "2016.08.29"]
[SourceQuality "1"]

1. Nf3 Nf6 2. g3 b6 3. Bg2 Bb7 4. d3 g6 5. 0-0 Bg7 6. Nbd2 c5 7. e4 d6 8. Re1 Nc6 9. Nc4 b5 10. Ne3 0-0 11. h3 Qd7 12. Nh2 e5 13. c3 Ne7 14. Nhg4 Ne8 15. Qb3 Kh8 16. Nc2 f5 17. Nh6 d5 18. a4 c4 19. dxc4 bxc4 20. Qa3 dxe4 21. Bg5 Nf6 22. Rad1 Qc7 23. Ne3 Ned5 24. Nxd5 Nxd5 25. g4 Nf4 26. Bf1 Nd3 27. gxf5 gxf5 28. Re3 Qc6 29. Qe7 Rae8 0-1

[Event "Zagreb Hulak Memorial op 1st"]
[Site "Zagreb"]
[Date "2016.06.15"]
[Round "7"]
[White "Stanojoski, Zvonko"]
[Black "Tomerlin, Sinisa"]
[Result "0-1"]
[WhiteElo "2436"]
[BlackElo "2260"]
[PlyCount "136"]
[EventDate "2016.06.10"]
[EventType "swiss"]
[EventRounds "9"]
[EventCountry "CRO"]
[SourceTitle "CBM 173 Extra"]
[Source "ChessBase"]
[SourceDate "2016.08.29"]
[SourceVersion "1"]
[SourceVersionDate "2016.08.29"]
[SourceQuality "1"]

1. c4 Nf6 2. Nc3 d6 3. g3 c6 4. Bg2 Nbd7 5. Nf3 e5 6. d3 Be7 7. 0-0 0-0 8. Rb1 Qc7 9. b4 Re8 10. b5 Nc5 11. Nd2 Be6 12. Ba3 d5 13. bxc6 bxc6 14. Na4 Na6 15. Bxe7 Qxe7 16. Qc1 Rab8 17. Qc3 Qc7 18. Nb3 dxc4 19. dxc4 c5 20. a3 Bf5 21. Rbd1 Bd7 22. Rxd7 Qxd7 23. Naxc5 Nxc5 24. Nxc5 Qd4 25. Qa5 e4 26. Na6 Rb2 27. Nc7 Reb8 28. c5 Qd2 29. Qxd2 Rxd2 30. Na6 Rc8 31. Rc1 g5 32. f3 Rxe2 33. fxe4 Nxe4 34. c6 f5 35. c7 Kf7 36. Nb4 Rd2 37. Nc6 Rxc7 38. Ne5+ Ke6 39. Rxc7 Rd1+ 40. Bf1 Kxe5 41. Kg2 Rd2+ 42. Kg1 a5 43. Ba6 g4 44. Bc8 Ng5 45. Kf1 Nf3 46. Re7+ Kf6 47. Rxh7 Nxh2+ 48. Ke1 Nf3+ 49. Kf1 Rd3 50. a4 Ng5 51. Rh6+ Ke5 52. Ra6 Rd5 53. Kg2 Ne4 54. Re6+ Kd4 55. Rb6 Rc5 56. Bd7 Rc2+ 57. Kg1 Nxg3 58. Rb3 Ne2+ 59. Kf1 Ke4 60. Bb5 Nf4 61. Ba6 Rc5 62. Kf2 Nh3+ 63. Kg3 Ng5 64. Bd3+ Ke5 65. Rb5 Ne6 66. Bc4 Rxb5 67. axb5 Nc5 68. b6 a4 0-1

[Event "Zagreb Hulak Memorial op 1st"]
[Site "Zagreb"]
[Date "2016.06.13"]
[Round "5"]
[White "Martic, Josip"]
[Black "Tomerlin, Sinisa"]
[Result "0-1"]
[WhiteElo "2021"]
[BlackElo "2260"]
[PlyCount "78"]
[EventDate "2016.06.10"]
[EventType "swiss"]
[EventRounds "9"]
[EventCountry "CRO"]
[SourceTitle "CBM 173 Extra"]
[Source "ChessBase"]
[SourceDate "2016.08.29"]
[SourceVersion "1"]
[SourceVersionDate "2016.08.29"]
[SourceQuality "1"]

1. d4 g6 2. c4 Bg7 3. e4 d6 4. f3 Nc6 5. Ne2 e5 6. Be3 a6 7. Nbc3 Rb8 8. d5 Nce7 9. Qd2 f5 10. g3 Nf6 11. Bg2 0-0 12. h3 c5 13. dxc6 Be6 14. b3 bxc6 15. Rd1 d5 16. exd5 cxd5 17. Bc5 d4 18. Na4 Nh5 19. f4 Re8 20. Bf3 Qc7 21. Bxh5 gxh5 22. fxe5 Bxe5 23. Qg5+ Ng6 24. Bxd4 Bxc4 25. bxc4 Qa5+ 26. Kf2 Bxd4+ 27. Nxd4 Qxa4 28. Rd2 Qxc4 29. Nxf5 Rf8 30. Kg2 Qe4+ 31. Kh2 Qxf5 32. Qh6 h4 33. Rg1 Rb1 34. Rxb1 hxg3+ 35. Kxg3 Qxb1 36. h4 Qe1+ 37. Kg2 Nxh4+ 38. Kh3 Rf3+ 39. Kg4 Qe4+ 0-1

[Event "CRO-chT2 Ost"]
[Site "Croatia"]
[Date "2016.04.16"]
[Round "1.34"]
[White "Tomerlin, Sinisa"]
[Black "Tomicic, Zvonimir"]
[Result "1/2-1/2"]
[WhiteElo "2255"]
[BlackElo "2191"]
[PlyCount "39"]
[EventDate "2016.04.16"]
[EventType "team-tourn"]
[EventRounds "11"]
[EventCountry "CRO"]
[SourceTitle "EXT 2019"]
[Source "ChessBase"]
[SourceDate "2018.10.10"]
[SourceVersion "1"]
[SourceVersionDate "2018.10.10"]
[SourceQuality "1"]

1. Nf3 Nf6 2. g3 g6 3. Bg2 Bg7 4. 0-0 0-0 5. d3 d6 6. Nbd2 Nbd7 7. Re1 c6 8. c3 Qc7 9. Qc2 Re8 10. e4 e5 11. a4 a5 12. h3 Nf8 13. Nf1 N8d7 14. N1d2 Nf8 15. Nf1 N8d7 16. N1d2 Nf8 17. Nf1 N8d7 18. N1d2 Nf8 19. Nf1 N8d7 20. N1d2 1/2-1/2